000 02178nam0a2200361 4500
001 RU\NLR\bibl\792559
005 20250614123025.0
010 _a5-7046-1159-1
_9150
021 _aRU
_b2005-1857
_993
035 _a(NLR Aleph) 000781786
090 _a1066626
_c1066626
100 _a20050425d2004 |||y0rusy50 ca
101 0 _arus
102 _aRU
105 _aa |||||||||
200 1 _aТиповые каскады электронных усилителей
_eучебное пособие по курсам "Электронные цепи", "Моделирование и проектирование электронных устройств", "Цифровые электронные устройства" для студентов, обучающихся по направлению "Электроника и микроэлектроника"
_fА.Ю. Зорин, В.К. Качанов, А.И. Питолин [и др.]
_gМ-во образования и науки Рос. Федерации, Моск. энерг. ин-т (техн. ун-т)
210 _aМосква
_cИздательство МЭИ
_d2004
215 _a63 с.
_cил.
_d20
313 _aкаскады на транзисторах
320 _aБибилогр.: с. 61 -62 (20 назв.)
606 1 _aУсилители каскадные полупроводниковые
_jРуководства, пособия и т.п. для высшей школы
_91831413
_3RU\NLR\auth\661120231
606 1 _aКаскадные полупроводниковые усилители
_jУчебные издания для высших учебных заведений
_92298660
_3RU\NLR\auth\661376310
686 _aЗ846.3я73-1
701 1 _aЗорин
_bА. Ю.
_gАндрей Юрьевич
_4070
701 1 _4070
_7ca
_8rus
_aКачанов
_bВ. К.
_f1945-
_gВладимир Климентьевич
_9169267
_3RU\NLR\AUTH\770169317
701 1 _aПитолин
_bА. И.
_gАлександр Иванович
_4070
801 0 _aRU
_bNLR
_c20050425
_gPSBO
801 1 _aRU
_bNLR
_c20050425
830 _aавт. по кн.
942 _cBOOK
980 _aNB